[Event "New York op"]
[Site "New York"]
[Date "1990.??.??"]
[Round "8"]
[White "Cabrilo, Goran"]
[Black "Bonin, Jay R"]
[Result "1-0"]
[WhiteElo "2480"]
[BlackElo "2385"]
[PlyCount "43"]
[EventDate "1990.04.??"]
[Source "ChessBase"]

1. e4 e6 2. d4 d5 3. Nc3 Bb4 4. e5 c5 5. a3 Bxc3+ 6. bxc3 Ne7 7. a4 Nbc6 8. Nf3 Qa5 9. Qd2 f6 10. exf6 gxf6 11. Bb5 Bd7 12. Ba3 cxd4 13. Nxd4 Nxd4 14. Qxd4 Bxb5 15. Qxf6 O-O-O 16. axb5 Rhe8 17. Qxe6+ Rd7 18. O-O Qxc3 19. Bd6 Kd8 20. Rfe1 Qh8 21. Be5 Qf8 22. Rxa7 1-0

[Event "Andorra la Vella op 20th"]
[Site "Andorra la Vella"]
[Date "2002.07.13"]
[Round "8"]
[White "Colovic, Aleksandar"]
[Black "Arizmendi Martinez, Julen Luis"]
[Result "1/2-1/2"]
[WhiteElo "2362"]
[BlackElo "2503"]
[PlyCount "79"]
[EventDate "2002.07.06"]
[Source "ChessBase"]
[SourceDate "2002.09.11"]

1. e4 e6 2. d4 d5 3. Nc3 Bb4 4. e5 c5 5. a3 Bxc3+ 6. bxc3 Ne7 7. a4 Qa5 8. Bd2 Nbc6 9. Nf3 Bd7 10. Bb5 a6 11. Bxc6 Nxc6 12. O-O Qc7 13. dxc5 O-O 14. Re1 Na5 15. Be3 Nc4 16. Bd4 Nb2 17. Qe2 Nxa4 18. Ng5 h6 19. Nh3 Nxc5 20. Nf4 f5 21. exf6 Qxf4 22. fxg7 Rfc8 23. Be5 Qg5 24. Rab1 b5 25. f3 Ne4 26. fxe4 Qxe5 27. Qd2 Qg5 28. Qd3 Bc6 29. Qh3 Rc7 30. Re3 Rf7 31. Rg3 Qd2 32. Kh1 dxe4 33. Qxe6 Bd5 34. Qd6 Rxg7 35. Rxg7+ Kxg7 36. c4 e3 37. cxd5 e2 38. Qe5+ Kh7 39. Qf5+ Kg7 40. Qe5+ 1/2-1/2

[Event "BL2-Nord 0102"]
[Site "Germany"]
[Date "2001.11.25"]
[Round "3.1"]
[White "Sawatzki, Frank"]
[Black "Danielsen, Henrik"]
[Result "0-1"]
[WhiteElo "2330"]
[BlackElo "2526"]
[PlyCount "144"]
[EventDate "2001.10.07"]
[Source "ChessBase"]
[SourceDate "2002.07.08"]

1. e4 e6 2. d4 d5 3. Nc3 Bb4 4. e5 c5 5. a3 Bxc3+ 6. bxc3 Ne7 7. a4 Qa5 8. Bd2 Nbc6 9. Nf3 Bd7 10. Bb5 f6 11. Qe2 Qc7 12. O-O fxe5 13. Bxc6 Nxc6 14. Nxe5 O-O 15. Nxd7 Qxd7 16. Qb5 cxd4 17. cxd4 Qc7 18. Qd3 Rac8 19. a5 Rfe8 20. Rfe1 a6 21. f4 Na7 22. c3 Nb5 23. f5 exf5 24. Qxf5 Qf7 25. Qh3 Rxe1+ 26. Rxe1 Rf8 27. Qe6 Nd6 28. Qxf7+ Kxf7 29. Bf4 Nb5 30. Re5 Rd8 31. Rh5 Nxc3 32. Be5 Kg6 33. Rh3 Ne4 34. Rb3 Rd7 35. Rd3 Rf7 36. h3 h5 37. Kh2 Kf5 38. Kg1 g5 39. Kf1 g4 40. Ke2 Kg5 41. hxg4 hxg4 42. Rb3 Rf2+ 43. Ke3 Ra2 44. Rxb7 Ra3+ 45. Ke2 Rxa5 46. Rg7+ Kf5 47. Rf7+ Ke6 48. Rg7 Ra2+ 49. Ke3 Rxg2 50. Rg6+ Kf5 51. Rxa6 Nd2 52. Kd3 Nc4 53. Rf6+ Kg5 54. Rf8 Rd2+ 55. Kc3 Re2 56. Rg8+ Kf5 57. Rf8+ Ke6 58. Rf6+ Ke7 59. Rg6 Re4 60. Kc2 Kf7 61. Rg7+ Ke6 62. Rg5 Re2+ 63. Kd1 Re3 64. Bh8 g3 65. Bg7 Kf7 66. Bh8 Ra3 67. Ke2 Ke6 68. Bg7 Ra2+ 69. Kf3 Nd2+ 70. Ke3 Nf1+ 71. Kd3 g2 72. Be5 Ng3 0-1

[Event "Helsinki (Finland)"]
[Site "Helsinki FIN"]
[Date "1982.??.??"]
[Round "?"]
[White "Raaste, Eero J"]
[Black "Ornstein, Axel O"]
[Result "0-1"]
[WhiteElo "2400"]
[BlackElo "2450"]
[PlyCount "78"]
[EventDate "1982.??.??"]
[Source "www.chesslib.no"]
[SourceDate "2004.05.04"]

1. e4 e6 2. d4 d5 3. Nc3 Bb4 4. e5 c5 5. a3 Bxc3+ 6. bxc3 Ne7 7. a4 Qa5 8. Bd2 Nbc6 9. Nf3 Bd7 10. Be2 f6 11. exf6 gxf6 12. c4 Qc7 13. cxd5 Nxd5 14. dxc5 O-O-O 15. g3 e5 16. c4 Ndb4 17. Qb1 e4 18. Nh4 Nd3+ 19. Bxd3 exd3 20. O-O Nd4 21. h3 Bxh3 22. Qxd3 Nf5 23. Qe4 Rhe8 24. Qf4 Rxd2 25. Qxd2 Nxh4 26. Qd5 Bxf1 27. Rxf1 Ng6 28. Qf5+ Kb8 29. Qxf6 Qxc5 30. Qf7 Qe7 31. Qd5 Qe6 32. Qb5 a6 33. Qh5 Qxc4 34. Qxh7 Qe4 35. f3 Qd4+ 36. Kg2 Re2+ 37. Kh3 Qf6 38. Qh5 Qe6+ 39. Qg4 Nf4+ 0-1

[Event "Munich zt"]
[Site "Munich"]
[Date "1987.??.??"]
[Round "?"]
[White "Wittmann, Walter"]
[Black "Hertneck, Gerald"]
[Result "0-1"]
[WhiteElo "2400"]
[BlackElo "2450"]
[PlyCount "74"]
[EventDate "1987.01.??"]
[Source "ChessBase"]

1. e4 e6 2. d4 d5 3. Nc3 Bb4 4. e5 c5 5. a3 Bxc3+ 6. bxc3 Ne7 7. a4 Qc7 8. Nf3 b6 9. Bb5+ Bd7 10. Bd3 Nbc6 11. O-O h6 12. Re1 Na5 13. Nd2 cxd4 14. cxd4 Qc3 15. Ba3 Qxd4 16. Nb3 Nxb3 17. cxb3 Rc8 18. Qe2 f5 19. exf6 Qxf6 20. Ba6 Rd8 21. Rad1 O-O 22. Bxe7 Qxe7 23. Rxd5 Qb4 24. Rd3 e5 25. Bc4+ Kh8 26. Red1 Bg4 27. f3 Rxd3 28. Rxd3 e4 29. Re3 exf3 30. gxf3 Bh5 31. Rd3 Qc5+ 32. Qf2 Qg5+ 33. Kh1 a5 34. Qxb6 Qf5 35. Qf2 Bxf3+ 36. Kg1 Qg5+ 37. Qg3 Qc1+ 0-1

[Event "JUG Ch"]
[Site "Borovo"]
[Date "1981.??.??"]
[Round "11"]
[White "Nicevski, Risto"]
[Black "Jelen, Iztok"]
[Result "0-1"]
[WhiteElo "2410"]
[BlackElo "2435"]
[PlyCount "56"]
[EventDate "1981.03.??"]
[Source "www.chesslib.no"]
[SourceDate "2004.05.04"]

1. e4 e6 2. d4 d5 3. Nc3 Bb4 4. e5 c5 5. a3 Bxc3+ 6. bxc3 Ne7 7. a4 Nbc6 8. Nf3 Qa5 9. Qd2 Bd7 10. Bd3 f6 11. O-O fxe5 12. Nxe5 Nxe5 13. dxe5 O-O 14. c4 Qc7 15. Re1 Bc6 16. cxd5 Nxd5 17. Ba3 b6 18. a5 Rad8 19. Qg5 Nf4 20. Bf1 Qf7 21. Qg3 Rd2 22. f3 Rxc2 23. Bc1 b5 24. a6 b4 25. Rb1 Bd5 26. Re3 c4 27. Re1 b3 28. Bxf4 Qxf4 0-1

[Event "Prague Metro"]
[Site "?"]
[Date "1979.??.??"]
[Round "1"]
[White "Damjanovic Mato"]
[Black "Renman Nils Gustaf"]
[Result "1/2-1/2"]
[WhiteElo "2420"]
[BlackElo "2425"]
[PlyCount "110"]
[EventDate "1979.??.??"]
[Source "www.chesslib.no"]
[SourceDate "2004.05.04"]

1. e4 e6 2. d4 d5 3. Nc3 Bb4 4. e5 c5 5. a3 Bxc3+ 6. bxc3 Ne7 7. a4 Nbc6 8. Nf3 Qa5 9. Bd2 Bd7 10. Be2 f6 11. O-O fxe5 12. dxe5 Qc7 13. Re1 O-O 14. Rb1 h6 15. c4 Be8 16. Qc1 b6 17. Rb3 Nf5 18. cxd5 exd5 19. c4 d4 20. Qb1 Nfe7 21. a5 Bg6 22. Bd3 Bxd3 23. Qxd3 bxa5 24. Qe4 Nb4 25. Nh4 Qc6 26. Qg4 Kh7 27. Rg3 Rg8 28. e6 g6 29. Rf3 Rg7 30. Bxh6 Rag8 31. Bxg7 Rxg7 32. Rf7 Nd3 33. Rxe7 Rxe7 34. Qxg6+ Kh8 35. Qxd3 Rxe6 36. Rxe6 Qxe6 37. h3 Qe1+ 38. Kh2 Qxf2 39. Ng6+ Kg7 40. Nh4 Qxh4 41. Qf5 Qe7 42. Qg4+ Kf7 43. Qf5+ Kg7 44. Qg4+ Kf7 45. Qf5+ Kg7 46. Qg4+ Kf6 47. Qf3+ Kg6 48. Qg4+ Qg5 49. Qe4+ Qf5 50. Qe8+ Qf7 51. Qe4+ Qf5 52. Qe8+ Kf6 53. Qf8+ Ke6 54. Qe8+ Kd6 55. Qb8+ Ke6 1/2-1/2

[Event "Dreszer Memorial"]
[Site "Gdynia POL"]
[Date "1987.??.??"]
[Round "2"]
[White "Borkowski, Franciszek"]
[Black "Szymczak, Zbigniew"]
[Result "1-0"]
[WhiteElo "2450"]
[BlackElo "2390"]
[PlyCount "81"]
[EventDate "1987.??.??"]
[Source "www.chesslib.no"]
[SourceDate "2004.05.04"]

1. e4 e6 2. d4 d5 3. Nc3 Bb4 4. e5 c5 5. a3 Bxc3+ 6. bxc3 Ne7 7. a4 Nbc6 8. Nf3 f6 9. Bd3 c4 10. Be2 Qa5 11. Qd2 Bd7 12. O-O O-O-O 13. Ba3 Be8 14. Rfb1 Bg6 15. Nh4 Nf5 16. Nxf5 Bxf5 17. Bd6 Rd7 18. Rb5 Qa6 19. Rc5 Rhd8 20. Qc1 Rxd6 21. exd6 Rxd6 22. Qf4 Kd7 23. Qg3 g5 24. h4 b6 25. hxg5 fxg5 26. Qxg5 bxc5 27. dxc5 Bxc2 28. cxd6 Kxd6 29. Bg4 Qc8 30. Re1 Bf5 31. Qf4+ Kc5 32. Bxf5 exf5 33. Rb1 a6 34. Qc1 Kd6 35. Qh6+ Qe6 36. Qf8+ Kc7 37. Qc5 a5 38. Rd1 Qe5 39. Qxd5 Qxc3 40. Qxf5 Qh8 41. Rd7+ 1-0

[Event "TCh-BEL 2002-3"]
[Site "Belgium"]
[Date "2003.03.23"]
[Round "11"]
[White "Golubev, Mihail"]
[Black "Van Mechelen, Jan"]
[Result "1-0"]
[WhiteElo "2535"]
[BlackElo "2305"]
[PlyCount "74"]
[EventDate "2003.01.01"]
[Source "Roberto Alvarez"]
[SourceDate "2003.04.07"]

1. e4 e6 2. d4 d5 3. Nc3 Bb4 4. e5 c5 5. a3 Bxc3+ 6. bxc3 Ne7 7. a4 Nbc6 8. Nf3 Qa5 9. Bd2 Bd7 10. Bb5 O-O-O 11. O-O f6 12. Qe2 Qc7 13. Rfe1 c4 14. Bc1 h5 15. Ba3 Nf5 16. a5 Rde8 17. Reb1 a6 18. Bxc6 Bxc6 19. Rb6 Qd7 20. Rab1 Nh6 21. Qd2 Nf7 22. Qc1 h4 23. Qb2 Bb5 24. Bc5 h3 25. Qa3 Bc6 26. g3 Rh5 27. Bf8 fxe5 28. Bxg7 e4 29. Ne5 Nxe5 30. Bxe5 Rxe5 31. dxe5 Qc7 32. Qc5 Bb5 33. R1xb5 axb5 34. Qxb5 Qd7 35. Rxb7 Qxb5 36. Rxb5 Re7 37. a6 Rc7 1-0